000 00411nam a2200169Ia 4500
008 221030s9999 xx 000 0 und d
020 _a007049567X
041 _aEnglish
082 _a105.23
_bHil
100 _aW. R. Hilton
245 0 _aCost Management Strategies for Business Decisions
260 _bTMH
_aNew Delhi
_c2004
300 _a936
650 _aManagement
700 _aM. W. Maher
942 _cBK
999 _c2288
_d2288